Statistics for Most expensive football transfers - 2022-2023 Season

Click here to take the quiz!

General Stats

  • This quiz has been taken 36 times
  • The average score is 9 of 10

Answer Stats

Fee (M €)NationalityLeftJoinedPlayer% Correct
85,00UruguayBenficaLiverpoolDarwin Núñez
100%
70,00SwedenReal SociedadNewcastleAlexander Isak
97%
95,00BrazilAjaxManchester UnitedAntony
97%
70,65BrazilReal MadridManchester UnitedCasemiro
97%
121,00ArgentinaBenficaChelseaEnzo Fernández
97%
67,00NetherlandsJuventusBayern MunichMatthijs de Ligt
97%
70,00UkraineShakthtar DonestskChelseaMykhaylo Mudryk
94%
80,00FranceMonacoReal MadridAurélien Tchouaméni
87%
80,40FranceLeicesterChelseaWesley Fofana
84%
65,00SpainBirghtonChelseaMarc Cucurella
81%

Score Distribution

Percentile by Number Answered

Percent of People with Each Score

Your Score History

You have not taken this quiz